Năng lượng Việt Nam

Na minha lista:
Detalhes bibliográficos
Formato: Livro
Idioma:Undetermined
Publicado em: Hà Nội Hiệp hội Năng lượng Việt Nam 2018
Assuntos:
Tags: Adicionar Tag
Sem tags, seja o primeiro a adicionar uma tag!
Thư viện lưu trữ: Trung tâm Học liệu Trường Đại học Cần Thơ
LEADER 00598nam a2200181Ia 4500
001 CTU_234652
008 210402s9999 xx 000 0 und d
020 |c 0 
082 |a 333.79 
082 |b N116 
245 0 |a Năng lượng Việt Nam 
245 0 |c Hiệp hội Năng lượng Việt Nam 
260 |a Hà Nội 
260 |b Hiệp hội Năng lượng Việt Nam 
260 |c 2018 
650 |a Power resources,Trung tâm Học liệu ĐHCT,Tài nguyên năng lượng 
904 |i T.Trang 
980 |a Trung tâm Học liệu Trường Đại học Cần Thơ